Έλλη Λαμπέτη

Αποθηκεύτηκε σε:
Λεπτομέρειες βιβλιογραφικής εγγραφής
Κύριος συγγραφέας: Γερμανός, Φρέντυ, 1934-1999
Μορφή: Βιβλίο
Γλώσσα:Greek
Δημοσίευση: Αθήνα : Κάκτος, 1996.
Σειρά:Σειρά Φρέντυ Γερμανού ; 21
Θέματα:
Ετικέτες: Προσθήκη ετικέτας
Δεν υπάρχουν, Καταχωρήστε ετικέτα πρώτοι!

MARC

LEADER 00000cam a2200000 a 4500
001 1/125436
008 220930t1996####gr | ||| |||| ||gre||
040 |a GR-MyUa  |b gre  |c GR-MyUa  |e AACR2 
041 0 |a gre 
082 7 |a 889.3  |2 (23) 
100 1 |a Γερμανός, Φρέντυ,   |d 1934-1999. 
245 1 0 |a Έλλη Λαμπέτη /   |c Φρέντυ Γερμανός.  
260 |a Αθήνα :   |b Κάκτος,   |c 1996. 
300 |a 342 σ. :   |b εικ. ;   |c 24 εκ.  
490 1 |a (Σειρά Φρέντυ Γερμανού ;  |v  21)  
600 1 0 |a Λαμπέτη, Έλλη,   |d 1926-1983. 
650 0 |a Greek fiction, Modern  |y 20th century. 
830 0 |a Σειρά Φρέντυ Γερμανού ;  |v 21 
852 |a INST  |b SAMOS  |e 20220929  |h 889.3 ΓΕΡ  |p 005300047569  |q 005300047569  |t BK  |y 0 
970 |a Φιλιππή  |b Φάλη  |z 30-09-2022